Statistics for The Pokémon quiz

Click here to take the quiz!

General Stats

  • This quiz has been taken 119 times
    (115 since last reset)
  • The average score is 7 of 10

Answer Stats

HintAnswer% Correct
Magikarp uses it but nothing happens!Splash
95%
Ash's last nameKetchum
94%
What type is Ditto?Normal
94%
Is Azumarill a stage 2, stage 1, or basic?Stage 2
92%
What Kirlia evolves into at level 30Gardevoir
91%
Hitmonchan's pre-evolutionTyrogue
75%
Only Bug Ghost typeShedinja
72%
How many candy does Magikarp need to evolve?400
48%
What can Ditto transform into?EVERYTHING!
32%
Rarest PokemonShiny Shadow Mewtwo
0%

Score Distribution

Percentile by Number Answered

Percent of People with Each Score

Your Score History

You have not taken this quiz since the last reset